Visita a Cataluña de sus Majestades los Reyes de España : 16 al 21 de febrero de 1976 16 al 21 de febrero de 1976
Descripción Física:
29 p., [16] f. de làm. ; 22'5 cm
MARC
| LEADER | 00000nam a2200000Ia 4500 | ||
|---|---|---|---|
| 001 | 9361 | ||
| 008 | 160829s9999 xx 000 0 cat d | ||
| 080 | |a FU-10-33 | ||
| 245 | |a Visita a Cataluña de sus Majestades los Reyes de España : |b 16 al 21 de febrero de 1976 | ||
| 260 | |a Madrid : |b Ediciones del Movimiento, dl 1976 | ||
| 300 | |a 29 p., [16] f. de làm. ; |c 22'5 cm | ||
| 650 | 0 | |a Visites oficials |9 54039 |z Barcelona (Província) | |
| 651 | 0 | |a Espanya |x Reis i sobirans |9 54042 | |
| 901 | |a Arxiu | ||
| 942 | |n 1 |2 udc | ||
| 952 | |0 0 |1 0 |4 0 |6 FU1033 |7 1 |9 42124 |a Arxiu |b Arxiu |d 2016-12-01 |l 0 |o FU-10-33 |p 9361 |r 2016-12-01 00:00:00 |w 2016-12-01 |y ARXIU | ||
| 999 | |c 44571 |d 44571 | ||